| 000 | 00365cam a22001217a 4500 | ||
|---|---|---|---|
| 008 | 180718b1955 xxu||||| |||| 00| 0 eng d | ||
| 082 | _aA81x5442 In2/51K | ||
| 100 | _aCensus of India 1951 | ||
| 245 | _aLanguage handbook: Kanara and Belgaum districts | ||
| 260 |
_aBombay _bSuperintendent, Census Operations _c1955 |
||
| 300 | _a65p. | ||
| 440 | _aCensus of India 1951 | ||
| 999 |
_c502494 _d502494 |
||